| 000 | 00805nam a2200265Ia 4500 | ||
|---|---|---|---|
| 001 | Para_6629 | ||
| 003 | CHAP | ||
| 008 | 220125s1983 xx 000 0 und d | ||
| 010 | _a205428 | ||
| 040 | _cCHAP | ||
| 090 | _aPA FOLLETO 631 | ||
| 110 |
_aStation de Recherches de Lutte Biologique, La Miniere _9171446 |
||
| 245 |
_aLutte biologique contre les aleurodes et les acariens en serre / _c by Station de Recherches de Lutte Biologique La Maniere |
||
| 260 |
_aParis : _b INRA |
||
| 300 | _a1 h. | ||
| 650 |
_aControl biológico de insectos _927582 |
||
| 650 |
_aTrialeurodes vaporariorum _9114900 |
||
| 901 | _aPA FOLLETO 631 | ||
| 902 | _aA | ||
| 905 | _a0000001983 0000000000 00 | ||
| 910 | _a1983 | ||
| 942 | _cPARA | ||
| 942 |
_cPARA _d1 |
||
| 999 |
_c205428 _d205428 |
||